Statistics for Most Important Cities According to Survey

Click here to take the quiz!

General Stats

  • This quiz has been taken 244 times
    (191 since last reset)
  • The average score is 38 of 50

Answer Stats

Times MentionedCity% Correct
26New York City
100%
26London
97%
26Paris
97%
26Tokyo
96%
19Madrid
95%
26Moscow
94%
26Beijing
93%
25Los Angeles
93%
26Cairo
92%
24Rome
92%
24Shanghai
92%
22Berlin
91%
23Delhi
91%
25Mexico City
91%
22Sydney
91%
25Istanbul
88%
25Mumbai
88%
23Rio de Janeiro
87%
24Hong Kong
84%
21Toronto
84%
21Chicago
83%
23Washington D.C.
83%
16Sao Paulo
79%
22Buenos Aires
78%
25Seoul
78%
18Bangkok
77%
13Barcelona
77%
19Athens
76%
16San Francisco
76%
12St. Petersburg
76%
21Jakarta
75%
21Singapore
75%
21Amsterdam
72%
12Johannesburg
72%
22Dubai
69%
21Jerusalem
67%
17Manila
67%
20Tehran
67%
15Cape Town
65%
17Lagos
65%
20Vienna
65%
18Brussels
63%
13Stockholm
62%
14Guangzhou
59%
11Baghdad
53%
13Frankfurt
51%
17Mecca
50%
12Taipei
49%
12Nairobi
37%
12Geneva
35%

Score Distribution

Percentile by Number Answered

Percent of People with Each Score

Your Score History

You have not taken this quiz since the last reset